Normale Ansicht MARC-Ansicht ISBD

Gradostroitel'stvo Rossii serediny XIX - načala XX veka (Titelsatznr. 48904)

[ MARC ]
MARC-Details
000 -Satzkennung
Kontrollfeld mit fester Länge 00597nam a22001691cc4500
001 - Kontrollnummer
Kontrollfeld y0010+Band1
035 ## - Systemkontrollnummer
System-Kontrollnummer y0010
008 - Feld mit fester Länge zur physischen Beschreibung - Allgemeine Angaben
Kontrollfeld mit fester Länge 170707s2001 gw |||| 000u rus d
040 ## - Katalogisierungsquelle
Übertragungsstelle RU-10907106
003 - Kontrollnummer Identifier
Kontrollfeld RU-10907106
245 00 - Titel
Titel Gradostroitel'stvo Rossii serediny XIX - načala XX veka
Zählung des Teils/der Abteilung eines Werkes Band 1
Titel eines Teils/einer Abteilung eines Werkes Obščaja charakteristika i teoretičeskie problemy
264 ## - Produktion, Veröffentlichung, Distribution, Herstellung und Urheberrechtsvermerk
Herstellungs-, Veröffentlichungs- Vertriebs-, Erzeugungsort Moskva :
Produzent, Herausgeber, Distributor, Hersteller Progress-Tradicija,
Datum der Herstellung, der Veröffentlichung, des Vertriebs oder des Urheberschutzvermerks 2001
246 12 - Titelvarianten
Hauptsachtitel/Kurztitel Gradostroitel'stvo Rossii serediny XIX - načala XX veka. Obščaja charakteristika i teoretičeskie problemy
Zählung des Teils/der Abteilung eines Werkes Band 1
300 ## - Physische Beschreibung
Umfang 340 S.
773 08 - Übergeordnete Einheit
Datensatzkontrollnummer y0010
Zählung und erste Seite Band1
942 ## - Zusätzliche Felder (Koha)
Koha-Medientyp Monographien
Exemplare
Ausgeschieden Verloren Klassifikation oder Aufstellungssystematik Beschädigt Nicht entleihbar Heimatbibliothek Aufenthaltsbibliothek Aufstellungsort Erwerbungsdatum Inventarnummer Signatur Barcode Letzte Aktivität Preis gültig von Koha-Medientyp
    Andere/Generische Klassifikation     MWN Osteuropa MWN Osteuropa Lesesaal - 1 07/07/2017 09-02672 XX- R 54 d Kir 1 (1) | R 54 d Kir 1 (1) E00401506CBF1BF2 09/11/2020 22/03/2021 Monographien